El hombre y el tiempo
Guardat en:
| Autor principal: | |
|---|---|
| Format: | Llibre |
| Idioma: | espanyol |
| Publicat: |
Madrid
Aguilar
1966
|
| Matèries: | |
| Etiquetes: |
Afegir etiqueta
Sense etiquetes, Sigues el primer a etiquetar aquest registre!
|
MARC
| LEADER | 00000cam a2200000 a 4500 | ||
|---|---|---|---|
| 001 | UCF3862 | ||
| 003 | CL-VaPUC | ||
| 008 | 121108e19660000SP |||||||||||||||||spa|d | ||
| 082 | 0 | 4 | |a 150 |b PRI |2 21 |
| 100 | 0 | |a Priestley, John Boynton |e author |9 565550 | |
| 245 | 1 | 3 | |a El hombre y el tiempo |
| 300 | |a 319 p | ||
| 942 | |c BK | ||
| 945 | |d 20121108 00:00:00 |a dcastane | ||
| 260 | |a Madrid |b Aguilar |c 1966 | ||
| 650 | 0 | |a Tiempo |9 267892 | |
| 650 | 0 | |a Psicología |9 257863 | |
| 583 | |a last modification |c 20121108 11:12:00 |k Rodrigo Vera | ||
| 999 | |c 349943 |d 349941 | ||
| 952 | |0 0 |1 0 |4 0 |6 150_000000000000000_PRI_1966 |7 0 |8 C |9 452837 |a BIBCUR |b BIBCUR |d 2019-11-22 |i 4795121 |o 150 PRI 1966 |p 4795121 |r 2025-04-22 |w 2019-11-22 |y BK |k EXP | ||